00769njm a2200253Ia 450000100060000000300090000600500170001500800410003204000130007304000130008604100130009910000210011210000170013310000370015024500580018725000110024526000110025626000590026730000100032630000230033650000620035965000470042170000470046840014IT-RoPAU20220918181110.0131025s9999 xx 000 0 und d aIT-RoPAU cIT-RoPAU aITALIANO aTarozzi Giuseppe eAutore testo gCodice autore testo SPICS: 28537 aTredici perle del melodramma (libretto del cofanetto) a1a ed. aITALIA bSELEZIONEc1966 [1a Ed.:1966 - Ed. Lingua Orig.: 1966] aDISCO c (Testo: 46 pag.) aTesti di opere liriche contenute nei dischi del cofanetto aOPERA [DISCHI]eCodice MATERIA SPICS: 9950 aAA.VV.eAutoregCodice autore SPICS: 12000